|
|
|
|
| LEADER |
00000nam0a2200000 4500 |
| 001 |
69297 |
| 005 |
20231101212434.0 |
| 010 |
|
|
|a 5217032200
|
| 035 |
|
|
|a (RuTPU)RU\TPU\book\73793
|
| 090 |
|
|
|a 69297
|
| 100 |
|
|
|a 20041022d2004 km y0rusy50 ca
|
| 101 |
0 |
|
|a rus
|
| 102 |
|
|
|a RU
|
| 105 |
|
|
|a a g 001zy
|
| 200 |
1 |
|
|a Медь и медные сплавы. Отечественные и зарубежные марки
|e справочник
|f О. Е. Осинцев, В. Н. Федоров
|
| 210 |
|
|
|a Москва
|c Машиностроение
|d 2004
|
| 215 |
|
|
|a 336 с.
|c ил.
|
| 320 |
|
|
|a Библиогр.: с. 332-336.
|
| 330 |
|
|
|a В справочнике впервые систематизированы и обобщены сведения о физических, механических и технологических свойствах почти всех марок меди и сплавов на ее основе: латуней, бронз, медно-никелевых сплавов, а также, специальных медных сплавов; микролегированных, дисперсно-упрочненных, с эффектом памяти и др. Показано влияние легирующих элементов и примесей на свойства сплавов. Изложены сведения о составе и структуре, особенностях термической обработки, даны двойные и многокомпонентные диаграммы состояния, определяющие фазовый состав. Приведены также сведения о свойствах зарубежных аналогов отечественных медных сплавов.
|
| 606 |
1 |
|
|a Медь
|x Металловедение
|2 stltpush
|3 (RuTPU)RU\TPU\subj\41888
|9 61662
|
| 610 |
1 |
|
|a цветная металлургия
|
| 610 |
1 |
|
|a цветные металлы
|
| 610 |
1 |
|
|a медные сплавы
|
| 610 |
1 |
|
|a латуни
|
| 610 |
1 |
|
|a литейные медные сплавы
|
| 610 |
1 |
|
|a медно-никелевые сплавы
|
| 610 |
1 |
|
|a специальные медные сплавы
|
| 610 |
1 |
|
|a конструкционные сплавы
|
| 610 |
1 |
|
|a микролегирование
|
| 610 |
1 |
|
|a справочники
|
| 675 |
|
|
|a 669.3(035)
|v 3
|
| 700 |
|
1 |
|a Осинцев
|b О. Е.
|g Олег Евгеньевич
|
| 701 |
|
1 |
|a Федоров
|b В. Н.
|g Валерий Николаевич
|
| 801 |
|
1 |
|a RU
|b 63413507
|c 20041022
|g PSBO
|
| 801 |
|
2 |
|a RU
|b 63413507
|c 20201105
|g PSBO
|
| 942 |
|
|
|c BK
|
| 959 |
|
|
|a 137/20041020
|d 3
|e 0
|f ЧЗКДП:1
|f ЧЗТЛ:2
|